El Plan Nacional de Desarrollo 1989-1994 /
Salvato in:
| Autore principale: | |
|---|---|
| Natura: | testo |
| Tags: |
Aggiungi Tag
Nessun Tag, puoi essere il primo ad aggiungerne!!
|
MARC
| LEADER | 00000 a a2200000 04500 | ||
|---|---|---|---|
| 001 | 45777 | ||
| 003 | |||
| 040 | |||
| 100 | |a Fuentes Aguilar, Luis | ||
| 245 | |a El Plan Nacional de Desarrollo 1989-1994 / |c Luis Fuentes Aguilar | ||
| 773 | |g número46 (1989), páginas 10-11 | ||
| 999 | |c 32000 |d 32000 | ||
